000 00411nam a2200145 i 4500
001 24076
003 ES-MaACL
007 t|
008 021216s1885 gw ||||1| ger d
100 1 _aAnstett, Philipp.
_921855
245 1 0 _aAnleitung zur Erlernung der Portugiesischen sprache /
_cPhilipp Anstett.
260 _aFrankfurt :
_bCarl Jugel's,
_c1885.
300 _a2 v. ;
_c18 cm.
852 _aES-MaACL
_jG-239-40
999 _c24076
_d24076